[Event "RUS-CHN Summit Men 4th"]
[Site "Nizhnij Novgorod"]
[Date "2007.08.27"]
[Round "7"]
[White "Jakovenko, Dmitrij"]
[Black "Bu, Xiangzhi"]
[Result "1-0"]
[WhiteElo "2735"]
[BlackElo "2685"]
[Annotator "Ftacnik,L"]
[PlyCount "85"]
[EventDate "2007.08.20"]
[EventType "schev"]
[EventRounds "10"]
[EventCountry "RUS"]
[SourceTitle "CBM 120"]
[Source "ChessBase"]
[SourceDate "2007.10.02"]
[SourceVersion "1"]
[SourceVersionDate "2007.10.02"]
[SourceQuality "1"]

1. e4 Nf6 2. e5 Nd5 3. d4 d6 4. Nf3 dxe5 5. Nxe5 c6 6. Bc4 Nd7 7. Nf3 N7b6 8.
Be2 Bg4 9. O-O e6 10. h3 Bh5 11. Ne5 {Jakovenko had to admit, that the
opponent has solved the problem of the lightsquared bishop. After his exchange
he will get a chance to concentrate forces for the control of the center.} (11.
Nbd2 $6 Nf4) 11... Bxe2 12. Qxe2 Be7 (12... Nf6 13. Rd1 Bd6 14. c4 Nbd7 15. Bf4
$14) 13. c4 Nf6 14. Rd1 O-O 15. Nc3 Nbd7 16. Bf4 Re8 (16... Qa5 17. Nxd7 Nxd7
18. d5 $16) 17. Rd3 Qa5 18. Rad1 Rad8 19. a3 {White's advantage is not great,
but Black still has to fight for a draw.} (19. Rg3 Nf8 20. a3 Ng6 $14) 19...
Qa6 20. Qf3 (20. g4 $5 Nb6 21. Rf3 Rf8 (21... Nfd7 22. Nxf7 Kxf7 23. Bc7+ Nf6
24. Bxd8 Bxd8 25. g5 $16) 22. Bg5 $14) 20... Nb6 21. c5 (21. b3 Qxa3 22. b4 $5
Qxb4 23. Rb1 Qa5 (23... Qa3 24. c5 Nbd7 25. Rd2) 24. Rd2 Na4 25. Nxa4 Qxa4 26.
Rxb7 $14) 21... Nbd5 (21... Nc4 22. Nxc4 Qxc4 23. Be5 $14) 22. Bg5 Rf8 23. Ng4
$6 {After the game White was unhappy about this solution, as Black could have
fully equalized with a witty jump of the knight to h2.} (23. h4 $1) 23... Rfe8
(23... Nxg4 24. Bxe7 Nh2 $1 25. Kxh2 Nxe7 $11) 24. Ne5 Rf8 25. h4 $1 Nxc3 $6 {
Bu Xiangzhi being in defense without concrete counterplay started to feel
uncomfortable. As a consequence he drifted and with a series of second rate
moves he invited a speedy catastrophe.} (25... h6 26. Bc1 Ne8 $1 (26... Kh8 27.
g4 Nd7 28. Nxd7 Rxd7 29. g5 $14) (26... Nd7 27. Nxd5 cxd5 28. Nxd7 Rxd7 29. Qh5
$16) 27. Qg3 Kh8 $11) 26. bxc3 h6 (26... Qxa3 $2 27. Ng4 Nxg4 28. Bxe7 $16) 27.
Bc1 Nd7 $2 (27... Ne8 $5 28. Qg3 Kh7) 28. Ng4 f5 (28... Bxh4 29. Nxh6+ gxh6 30.
Bxh6 $18) 29. Nxh6+ $1 gxh6 $6 {The weak phase of the game was crowned by the
toothless acceptance of the piece, Black is completely lost. Very interesting
were the complications after the more fighting retreat of the king to h7.} (
29... Kh7 $5 30. Re3 Qc4 (30... Rf6 31. Rxe6 $1 Rxe6 32. Qxf5+ Rg6 33. h5 $18)
(30... e5 31. Nxf5 g6 32. Qg4 Rxf5 (32... gxf5 33. Qh5+ Kg7 34. Rg3+ $18) 33.
h5 Rxh5 (33... Rf6 34. dxe5 $18) 34. Qe6 Bg5 35. Ree1 Nf8 36. Qf7+ Kh6 37. g4
Bxc1 38. gxh5 $18) 31. Rde1 e5 32. Nxf5 g6 33. Rxe5 Nxe5 34. Rxe5 Bf6 35. Nd6
Bxe5 36. Qxf8 Rxf8 37. Nxc4 Bc7 38. g3 $16) (29... Kh8 30. Qh5 Nf6 31. Qg6 gxh6
32. Bg5 $5 (32. Bxh6 Rg8 33. Qf7 Ng4 34. Bg5 Rg7 35. Qxe6 $16) 32... Rd7 33.
Qxh6+ Nh7 34. Qxe6 $18) 30. Qh5 Nf6 (30... Rf6 31. Rg3+ Kh7 32. Bxh6 $18) 31.
Rg3+ Ng4 32. f3 Qe2 33. Rf1 Rf7 (33... Qd3 34. Qg6+ Kh8 35. Rxg4 $18) (33...
Rd5 34. Qg6+ (34. fxg4 $4 Qxf1+ $19) 34... Kh8 35. fxg4 $18) 34. fxg4 f4 {
This move is an expression of desperation from the misplayed middlegame. After
other defenses the opening of the g files leads to the immediate solution.} (
34... Rg7 35. Bxh6 $18) 35. Bxf4 (35. Rxf4 Qd1+ 36. Kh2 Rh7 37. Be3 $18) 35...
e5 (35... Qc2 36. g5 Qf5 37. Rff3 $18) 36. Qg6+ Rg7 37. Qe6+ Rf7 (37... Kh7 38.
Qxh6+ Kg8 39. Bxe5 $18) 38. Re3 {Jakovenko could have had simplified his task
with the advance of the g pawn with the immediate decision.} (38. g5 $1 hxg5
39. hxg5 $18) 38... Qxf1+ 39. Kxf1 exf4 40. Re5 Bxh4 (40... Bf8 41. g5 $18) 41.
Qxh6 (41. Qg6+ Rg7 42. Qxh6 Be7 43. Rh5 $18) 41... Bf6 42. Rf5 (42. Rg5+ Bg7
43. Qe6 $18) 42... Rdf8 43. g5 (43. g5 Rh7 44. Rxf6 Rxh6 45. Rxf8+ Kxf8 46.
gxh6 $18) 1-0

[Event "URS-ch58"]
[Site "Moscow"]
[Date "1991.??.??"]
[Round "4"]
[White "Ulybin, Mikhail"]
[Black "Bagirov, Vladimir"]
[Result "1/2-1/2"]
[WhiteElo "2565"]
[BlackElo "2485"]
[Annotator "Ftacnik,L"]
[PlyCount "131"]
[EventDate "1991.11.??"]
[EventType "swiss"]
[EventRounds "11"]
[EventCountry "URS"]
[SourceTitle "URS-ch"]
[Source "ChessBase"]
[SourceDate "1999.07.01"]
[SourceVersion "1"]
[SourceVersionDate "1999.07.01"]
[SourceQuality "1"]

1. e4 Nf6 2. e5 Nd5 3. d4 d6 4. Nf3 dxe5 5. Nxe5 g6 6. Bc4 c6 7. O-O Bg7 8. Re1
(8. Nd2) 8... O-O 9. Bb3 Be6 (9... Nd7 $5 10. Nf3 a5) 10. Nd2 (10. h3 Nd7 11.
Nf3 Nc7 12. c4 $5 Nb6 13. Qe2 a5 14. a4 Re8 15. Nc3 Nc8 16. Be3 Nd6 17. Rad1
$14 {Titiv,G-Panchenko,AG USSR-ch 1991}) 10... Nd7 11. Ndf3 Bg4 (11... Nxe5 12.
dxe5 (12. Nxe5 $145) 12... a5 $10) 12. h3 Bxf3 13. Nxf3 e6 (13... a5 14. Bg5
Re8 15. c4 N5b6 $13) 14. Bg5 Qc7 15. c4 N5f6 16. Qd2 a5 17. a4 (17. Bf4 $1 Qb6
18. Bd6 Rfd8 19. c5) 17... Rfe8 18. Bf4 Qb6 19. Ba2 c5 20. Be3 Rac8 21. Rad1 e5
22. dxe5 (22. d5 Ne4 23. Qc2 Nd6) (22. dxc5 Nxc5 $15) 22... Nxe5 23. Nxe5 Rxe5
24. Bb1 Rce8 25. Bd3 R5e6 26. Re2 Bf8 (26... Ne4 $5 27. Bxe4 (27. Qc2 f5) 27...
Rxe4 28. Qd6 Qxd6 29. Rxd6 Bd4 $15) 27. Qc2 Bd6 28. Bg5 Be5 29. b3 Bd4 30. Rde1
Kg7 31. Bd2 Rxe2 (31... Qc7 $1 32. Rxe6 Rxe6 33. Rxe6 fxe6 $10) 32. Rxe2 Rxe2
33. Bxe2 Qc7 34. Bf3 b6 35. Qd3 Qe5 36. Bb7 h5 37. g3 Nd7 38. Kg2 Qf6 39. Qf3
Qe7 40. Bd5 Ne5 41. Qe2 Qf6 42. h4 Qf5 43. Bg5 Ng4 44. Qf3 Qxf3+ 45. Kxf3 f6
46. Bf4 Ne5+ 47. Ke2 Kf8 48. f3 Ke7 49. g4 hxg4 50. fxg4 Nxg4 51. Bc7 Bc3 52.
Bxb6 Bb4 53. Kf3 f5 54. Bc7 Be1 55. Ke2 Kd7 56. Bb6 Bb4 57. Kf3 Kd6 58. Bd8
Ne5+ 59. Ke3 Bc3 60. Bg5 Kd7 61. Ke2 Ng4 62. Bf7 Ne5 63. Bf6 Bd4 64. Bxe5 Bxe5
65. Bxg6 Ke6 66. Kf3 1/2-1/2

[Event "RUS-ch"]
[Site "Elista"]
[Date "1996.??.??"]
[Round "6"]
[White "Korneev, Oleg"]
[Black "Dyachkov, Sergej"]
[Result "1-0"]
[WhiteElo "2565"]
[BlackElo "2515"]
[Annotator "Ftacnik,L"]
[PlyCount "61"]
[EventDate "1996.10.15"]
[EventType "swiss"]
[EventRounds "11"]
[EventCountry "RUS"]
[SourceTitle "CBM 056"]
[Source "ChessBase"]
[SourceDate "1997.02.01"]
[SourceVersion "1"]
[SourceVersionDate "1997.02.01"]
[SourceQuality "1"]

{[%mdl 132]} 1. e4 Nf6 2. e5 Nd5 3. d4 d6 4. Nf3 Nc6 5. c4 Nb6 6. e6 fxe6 7.
Nc3 g6 {[%mdl 32768]} (7... e5 8. d5 Nd4 9. Nxd4 exd4 10. Qxd4 e5 11. dxe6 Bxe6
12. Be2 Qf6 13. Qxf6 gxf6 14. b3 O-O-O 15. O-O $14 {Panchenko,A-Stratil,P/
Bratislava 1992/ 1-0 (41)}) (7... Nd7 8. Ng5 Nf6 9. d5 exd5 10. cxd5 Ne5 11. f4
Nf7 12. Ne6 Qd7 13. Nb5 $1 $16 {Minasian,A-Sobolewski,P/ Leningrad 1990/ 1-0 
(19)}) 8. h4 (8. Bf4 Bg7 9. Qd2 Nxd4 10. Nxd4 e5 11. Bh6 Bxh6 12. Qxh6 exd4 13.
Qg7 Rf8 14. Qxd4 e5 15. Qe3 Bd7 16. Be2 Qh4 17. O-O Nxc4 18. Qd3 Nb6 $17 {
Kiefer,G-Haakert,J/ BL 8081 GER-chT 1981/ 0-1 (43)}) (8. d5 exd5 9. cxd5 Ne5
10. Nd4 c5 11. Bb5+ Kf7 12. Ne6 Bxe6 13. dxe6+ Kxe6 14. f4 Nc6 15. Qg4+ Kf7 16.
f5 Bg7 17. fxg6+ hxg6 18. O-O+ Bf6 19. Ne4 Kg7 20. Bg5 Bd4+ 21. Kh1 Qd7 $19 {
Weerakoon,I-Bryson,D/ Thessaloniki olm 1984/ 0-1 (26)}) 8... Bg7 9. Be3 (9. h5
$5 e5 10. d5 Nd4 11. hxg6 (11. Nxd4 exd4 12. Ne4 Bf5 13. Bd3 Qd7 14. Qe2 O-O-O
15. Ng5 Rdf8 16. b3 Bf6 17. Ne6 Bxe6 18. dxe6 Qc6 19. a4 a5 20. Bd2 Qc5 {
Ostberg,P-Jansson,B/ SWE-ch 1977/ 1/2-1/2 (30)}) 11... hxg6 (11... Bf5 12. Nxd4
exd4 13. gxh7 Kd7 14. Bd3 Qf8 15. Ne2 Re8 16. Nf4 e5 17. Ng6 Bxg6 18. Qg4+ Kd8
19. Bxg6 Re7 20. Bg5 Bf6 21. Rh3 $16 {Campora,D-Pacorro,F/ Ceuta 1992/ 1-0 (39)
}) (11... Bg4 12. gxh7 Qd7 13. Bd3 O-O-O 14. Be3 Rdf8 15. Bxd4 exd4 16. Ne4
Bxf3 17. gxf3 e6 18. dxe6 Qxe6 19. Qe2 d5 20. c5 dxe4 21. cxb6 Qxb6 22. Bxe4 d3
(22... Bh6 23. Kf1 $16 {Campora,D-Bischoff,K/ Bad Aibling 1982}) 23. Qxd3 Rd8
24. Qc4 Qxb2 25. O-O Qf6 26. Rfc1 c6 $16 {Kindermann,S-Fleck,J/ BL 8283
GER-chT 1983/ 1/2-1/2 (47)}) 12. Rxh8+ Bxh8 13. Nxd4 exd4 14. Bd3 $1 c6 15. Na4
Bf5 16. Bxf5 gxf5 17. Qh5+ Kd7 18. Qxf5+ Kc7 19. Nc5 $1 $16 Qg8 20. Ne6+ Kb8
21. Bg5 cxd5 22. Bxe7 $18 {Pikula,D-Todorovic,GN/ YUG-chT 1993/ 1-0 (41)}) 9...
e5 {Black has to do something about his unsupported kingside. Schwarz muß
etwas an seinem ungeschützten Königsflügel unternehmen.} (9... Nd7 10. h5 Nf8
11. Qd2 {/\ 0-0-0+/=}) (9... d5 10. c5 Nc4 (10... Nd7 11. h5 e5 12. h6 Bf6 13.
Nxd5 exd4 14. Nxf6+ exf6 15. Nxd4 Nde5 $13) 11. Bxc4 dxc4 12. Qa4 Qd7 13. O-O-O
$16 b5 (13... e5 14. dxe5 Qe6 15. Ng5 Qxe5 16. Rd8+ $1 $18) 14. Qxb5 Rb8 15.
Qxc4 Nb4 {/\ Ba6} 16. Ne5 Bxe5 17. dxe5 Ba6 18. Rxd7 Bxc4 19. Rhd1 Rc8 20. Bg5
$18 {Nunn,J-Vaganian,R/ London 1986/ 1-0 (36)}) (9... O-O 10. h5 e5 11. d5 Nd4
(11... Rxf3 12. Qxf3 Nd4 13. Qd1 {/\ Bd3+/-}) 12. Nxd4 exd4 13. Bxd4 Bxd4 14.
Qxd4 e5 15. dxe6 Qf6 16. Qxf6 Rxf6 17. hxg6 hxg6 18. Ne4 Rf4 $1 $13 {1/2-1/2
Lau,R-Fleck,J/ BL 8384 GER-chT 1984 (18)}) 10. d5 Nb4 (10... Nd4 11. Nxd4 exd4
12. Bxd4 e5 13. Be3 Qe7 14. Qd2 (14. Ne4 Bf5 15. Bd3 O-O 16. Rc1 Nd7 17. h5
gxh5 18. Qxh5 Bg6 19. Qh4 $16 {Kudrin,S-Behrhorst,F/ Lugano op 1983/ 1-0 (33)})
14... Bg4 15. f3 Bf5 16. g4 Bd7 17. Ne4 h6 18. Be2 O-O-O 19. a4 Kb8 20. a5 Nc8
21. Qb4 Qf7 22. Ra3 $14 {Schandorff,L-Rej,D/ DEN-ch qual Gladsaxe 1993/ 1-0 
(30)}) 11. a3 Na6 12. h5 $146 {[%mdl 8]} (12. Ng5 e6 13. dxe6 O-O 14. Nd5 Nxd5
15. cxd5 c6 16. Bc4 b5 17. Ba2 c5 18. h5 Rf5 19. Qg4 Nc7 20. hxg6 hxg6 21. Ne4
$18 {Coenen,N-Rodriguez,I/ San Sebastian op 1995/ 1-0 (26)}) 12... Bf5 (12...
gxh5 13. Ng5 Bg4 14. f3 Bf5 15. Bd3 $36) 13. hxg6 hxg6 (13... Bxg6 14. Ng5 $14
(14. Ng5 {Chekhov} Qd7 15. Ne6 Bf6 16. Bd3 $16)) 14. Rxh8+ Bxh8 15. Ng5 {
Black knights are rather misplaced, but the weakness of Pg6 is even more
unpleasant. Die schwarzen Springer sind ziemlich deplaziert, aber die Schwäche
von Pg6 ist noch unangenehmer.} Qc8 (15... c6 16. g4 Bd7 17. Qd3 $18) (15...
Qd7 {Chekhov} 16. Be2 $22 O-O-O 17. g4 $18) 16. Be2 c6 17. g4 Bd7 18. Qd3 Kd8 (
18... cxd5 19. Qxg6+ Kd8 20. Bxb6+ axb6 21. Nxd5 Be8 22. Nf7+ Bxf7 23. Qxf7 Qd7
24. Nxb6 $18) 19. c5 $1 {The lack of black's coordination enables white to
embark on a decisive opening of the position. Die schlechte schwarze
Figurenkoordination ermöglicht Weiß die entscheidende Öffnung der Stellung.} (
19. Qxg6 Kc7 20. Rd1 $16) 19... e4 (19... Nxc5 20. Bxc5 dxc5 21. Nf7+ (21. d6
$5 {Chekhov}) 21... Kc7 22. d6+ Kb8 23. dxe7 Qg8 24. Qd6+ Kc8 25. Nxe5 $16) (
19... dxc5 20. Nf7+ Kc7 21. d6+ Kb8 22. dxe7 $16) (19... Nxd5 20. Nf7+ Kc7 21.
Nxd5+ cxd5 22. cxd6+ exd6 23. Qxd5 $18) 20. Ncxe4 (20. Qxe4 Bxc3+ 21. bxc3 Nxd5
$14) 20... Nxd5 21. cxd6 $16 Be6 (21... Bxb2 22. Rb1 Bg7 23. Nf7+ Ke8 24. dxe7
$40) 22. O-O-O Qd7 (22... Be5 23. Nxe6+ Qxe6 24. Qb3 $16) 23. Rh1 Be5 24. f4 $1
Nxf4 (24... Bg7 25. Rh7 $18) (24... Bxf4 $2 25. Rh8+ (25. Bxf4 {Chekhov} Nxf4
26. Rh8+ $18)) 25. Bxf4 Bxf4+ 26. Kb1 exd6 (26... Bxd6 27. Rh8+ Kc7 28. Nxe6+
Qxe6 29. Rxa8 $18) (26... Be5 {Chekhov} 27. Rh7 $18) 27. Rh7 (27. Rh8+ Kc7 28.
Nxe6+ (28. Rh7 $18) (28. Rxa8 $18 {Chekhov}) 28... Qxe6 29. Rxa8 $18) 27... Qe8
28. Nxd6 Bxd6 (28... Qg8 29. Nxe6+ Qxe6 30. Nxb7+ Ke8 31. Rh8+ Ke7 32. Rxa8 $18
) 29. Qxd6+ Bd7 (29... Kc8 30. Nxe6 $18) 30. Rxd7+ Qxd7 31. Ne6+ (31. Ne6+ Kc8
(31... Ke8 {Chekhov} 32. Qf8#) 32. Qf8+ $18) 1-0

[Event "New York Hudson"]
[Site "New York"]
[Date "1993.??.??"]
[Round "7"]
[White "Yermolinsky, Alex"]
[Black "Shabalov, Alexander"]
[Result "1/2-1/2"]
[WhiteElo "2615"]
[BlackElo "2575"]
[Annotator "Ftacnik,L"]
[PlyCount "48"]
[EventDate "1993.??.??"]
[EventType "tourn"]
[EventRounds "9"]
[EventCountry "USA"]
[EventCategory "13"]
[SourceTitle "CBM 035"]
[Source "ChessBase"]
[SourceDate "1993.08.01"]
[SourceVersion "1"]
[SourceVersionDate "1993.08.01"]
[SourceQuality "1"]

1. e4 Nf6 2. e5 Nd5 3. d4 d6 4. Nf3 dxe5 5. Nxe5 Nd7 6. Bc4 (6. Nxf7 $5 Kxf7 7.
Qh5+ Ke6 $13) 6... c6 7. O-O Nxe5 8. dxe5 Bf5 9. Nd2 e6 10. a3 Be7 11. Ba2 O-O
12. Nb3 Qc7 13. Qe2 Rad8 14. Bb1 Qb6 15. Qf3 f6 $1 16. exf6 Bxf6 (16... Rxf6
17. Bg5 Rf7 18. Bxe7 Nxe7 19. Qc3 $14) 17. Qe2 Bh4 $1 18. Bd2 Bxf2+ (18... Bg4
19. Qxg4 (19. Qe1 Nf4 20. Bxf4 Rd1 $19) 19... Rxf2 20. Qxh4 Rxf1+ 21. Kxf1 Rf8+
22. Ke2 Qg1 23. Ba2 Qxg2+ 24. Kd3 Qf3+ 25. Kd4 $13) 19. Qxf2 $3 (19. Rxf2 Nf4
20. Bxf4 (20. Qe1 Bg4 21. Kh1 Nh3 22. Rxf8+ Rxf8 23. Ba2 $13) 20... Bg4 21.
Qxg4 Rxf4 22. Qxe6+ Kh8 $19) 19... Bd3 20. Ba5 $1 Qe3 21. Bd2 Qb6 22. Ba5 Qa6
23. cxd3 Rxf2 24. Rxf2 Rf8 (24... Rf8 25. Rd2 $14 (25. Rxf8+ Kxf8 26. Bc2 Ne3
27. Bb4+ Ke8 28. Nc5 Qb6 {/\ a5})) 1/2-1/2

[Event "Bundesliga 0910"]
[Site "Germany"]
[Date "2010.03.21"]
[Round "13.2"]
[White "Ginsburg, Gennadij"]
[Black "Giri, Anish"]
[Result "0-1"]
[WhiteElo "2537"]
[BlackElo "2552"]
[Annotator "Giri,A"]
[PlyCount "106"]
[EventDate "2009.10.16"]
[EventType "team-tourn"]
[EventRounds "15"]
[EventCountry "GER"]
[SourceTitle "EXT 2011"]
[Source "ChessBase"]
[SourceDate "2010.11.26"]
[SourceVersion "1"]
[SourceVersionDate "2010.11.26"]
[SourceQuality "1"]
[WhiteTeam "Handschuhsheim"]
[BlackTeam "Emsdetten Turm"]
[WhiteTeamCountry "GER"]
[BlackTeamCountry "GER"]

1. e4 Nf6 $5 2. e5 Nd5 3. d4 d6 4. Nf3 {White goes for a positional line,
trying to get a slight advantage without risk...} dxe5 5. Nxe5 c6 {The
immideate Nd7 falls for Nxf7!} 6. c4 $6 {Logical but bad, due to} Nb4 $1 {
Now Black is slightly better, since White is practically forced to move his
knight to the edge (a3).} 7. Be3 (7. a3 $2 Qxd4 $1 {is the point.}) 7... Bf5 8.
Na3 (8. Nd3 {Would be okay for White if not for} e5 $1 {with advantage for
Black, since the pawn is untouchable in any way.}) 8... Nd7 9. Nxd7 Qxd7 10.
Be2 {#} e5 $5 {A new move, and an ambitious, but also a somewhat risky try.} ({
I remembered that after} 10... e6 {Black is slightly better, but I was a bit
afraid that White may equalise with} 11. O-O Be7 12. c5 $1 {bringing his
knight to c4. I must add, however, that after} b5 $1 13. cxb6 axb6 14. Nc4 Qc7
{Black remains slightly better.}) 11. O-O (11. dxe5 $5 {Was at least an
alternative, but somehow we both were not really considering it.} Nd3+ (11...
O-O-O $5) 12. Bxd3 Bxd3 {Seems to be very good for Black, but White has} (12...
Qxd3 {is also possible. Black has compensation, but White is a pawn up.}) 13.
Qb3 $1 {, which I missed, with idea to castle long.}) 11... exd4 ({I didn't
like} 11... O-O-O {because of} 12. d5 $1) 12. Qxd4 $2 {From now on White has
to suffer in a horrible endgame with the dead knight on a3.} (12. Bxd4 {
was much better. Black has a choice, but in any case the position remains
ballanced.} O-O-O {was the most logical follow-up, but here} ({The slow} 12...
b6 $5 {is a good option, followed by long castle.}) 13. Bxa7 Qe6 14. Qe1 $1 (
14. Qa4 Qxe2 15. Bb6 Na6 16. Bxd8 Bxa3 $1 {was what I has calculated.}) 14...
Nd3 {does not win any material since after} 15. Bxd3 Bxd3 {Black has the
intermezzo} 16. Qxe6+ {and the rook will move to c1. However, Black will have
some compensation, due to his bishop pair and again, that knight on a3.}) 12...
Qxd4 13. Bxd4 {#} O-O-O $6 {This is in fact a mistake, but it was hard not to
make such a move.} (13... b6 $5) (13... f6 $1 {was my original intention and
was a good move, but I had failed to see that after} 14. Bh5+ $5 {I can simply
move my king to c7 via d7 or d8.} Kd7 15. Rfd1 Kc7 {with advantage.}) 14. Rfd1
$2 (14. Bxa7 $1 {has to be tried, no matter what. I had planned} Rd2 15. Rfe1
Rxb2 16. c5 $1 Be6 $1 {winning the a2 pawn. However White has} 17. Nc4 Rxa2 18.
Nb6+ Kd8 19. Nc4 $1 {and black probably has to repeat, since White is ready to
start some kind of attack on the black king.}) 14... b6 $1 15. Bf3 f6 $1 {
#With the last two moves Black has killed all White's ideas, and now is ready
to pick up the a2 pawn, which is doomed.} 16. Be3 Bc5 $1 17. Bxc5 bxc5 {
It is clear that doubled pawns are not a weakness here, but a strength, since
they control the important squares.} 18. Rxd8+ Rxd8 19. Rd1 {giving the a2
pawn, which would be lost anyway.} Rd4 $1 ({The simple} 19... Rxd1+ 20. Bxd1
Nxa2 {is also possible, but I wanted to leave White no chances.}) 20. Kf1 Kd7
21. Ke2 Kd6 22. Ke3 Ke5 23. g3 {#} Nxa2 {Now that White can't get his knight
into the game I pick up the pawn.} 24. Be2 g5 $1 25. f3 Nb4 26. Rf1 Bd3 $1 27.
Rf2 a5 28. h3 f5 29. f4+ gxf4+ 30. gxf4+ Kf6 31. Bf3 Bxc4 {#Taking the second
pawn. The rest is clear.} 32. Nxc4 Rxc4 33. Rd2 Ke6 34. Rd8 Nd5+ 35. Kf2 Rxf4
36. Rh8 Nf6 37. Rc8 Kd7 38. Rf8 Ke7 39. Rc8 Nd7 40. Kg3 Rb4 41. Bxc6 Ne5 42.
Bd5 h5 $1 {The last touch.} 43. Rxc5 h4+ 44. Kg2 Rxb2+ 45. Kf1 a4 46. Ra5 Rb4
47. Ke2 Kf6 48. Bg8 Re4+ 49. Kf2 Kg5 50. Bh7 Kf4 51. Ra6 Nd3+ 52. Kg2 Re2+ 53.
Kg1 {#} Re7 {Now the point is that after Rxa4 I play Kg3 threatening both,
mate and the bishop.} (53... Kg3 {would mate, but I saw the win already some
six moves ago, so I played without thinking.}) 0-1

[Event "HUN-ch"]
[Site "Budapest"]
[Date "1996.??.??"]
[Round "8"]
[White "Acs, Peter"]
[Black "Varga, Zoltan"]
[Result "1-0"]
[WhiteElo "2410"]
[BlackElo "2450"]
[Annotator "Hecht,H"]
[PlyCount "113"]
[EventDate "1996.12.??"]
[EventType "tourn"]
[EventRounds "11"]
[EventCountry "HUN"]
[EventCategory "9"]
[SourceTitle "CBM 057"]
[Source "ChessBase"]
[SourceDate "1997.04.01"]
[SourceVersion "1"]
[SourceVersionDate "1997.04.01"]
[SourceQuality "1"]

1. e4 Nf6 2. e5 Nd5 3. d4 d6 4. Nf3 g6 5. Bc4 Nb6 6. Bb3 d5 7. O-O a5 8. c3 Bg7
9. Bc2 O-O 10. Ng5 h6 11. Nf3 Bg4 12. h3 Bxf3 13. Qxf3 e6 14. Na3 c5 15. Be3
cxd4 16. cxd4 Nc6 17. Rac1 Qe7 18. Bd3 Na4 19. Qe2 Nb4 20. Bb1 Rfc8 21. Nb5 Qd7
22. b3 Nb6 23. a4 Rc6 24. Qd2 h5 25. Bh6 Rxc1 26. Qxc1 Nc8 27. Bxg7 Kxg7 28.
Qf4 Qe7 29. Rc1 Nc6 30. Rc3 N8a7 31. Nd6 Rf8 32. g4 f6 33. gxh5 fxe5 34. Qg3 g5
35. dxe5 Kh6 36. h4 Kxh5 37. hxg5 Qxg5 38. Nxb7 Nxe5 39. Qxg5+ Kxg5 40. Nxa5
Kf4 41. Kf1 Rh8 42. Ke2 Rc8 43. Rxc8 Nxc8 {[#] starke verbundene weiße
Freibauern. Hauptdefizit bei Schwarz ist der abgedrängte König. Gutes
Zusammenspiel von Läufer + Springer.} 44. Bh7 d4 45. Nb7 Nc6 46. a5 Ke5 47. a6
Kd5 48. Bd3 e5 (48... N6a7 49. Bc4+) 49. Bc4+ Ke4 50. Nc5+ Kf4 51. Be6 Nb6 52.
Nd7 d3+ 53. Kd2 Nb4 54. Nxb6 Nxa6 55. Bc4 Nb8 56. Kxd3 Kf3 57. Bb5 1-0

[Event "RUS-ch"]
[Site "Elista"]
[Date "1995.??.??"]
[Round "4"]
[White "Geller, Efim P"]
[Black "Korneev, Oleg"]
[Result "1-0"]
[WhiteElo "2465"]
[BlackElo "2605"]
[Annotator "Hecht,H"]
[PlyCount "113"]
[EventDate "1995.10.??"]
[EventType "swiss"]
[EventRounds "11"]
[EventCountry "RUS"]
[SourceTitle "CBM 050"]
[Source "ChessBase"]
[SourceDate "1996.02.01"]
[SourceVersion "1"]
[SourceVersionDate "1996.02.01"]
[SourceQuality "1"]

1. e4 {Endspiel-CD} Nf6 2. e5 Nd5 3. d4 d6 4. Nf3 dxe5 5. Nxe5 Nd7 6. Be2 Nxe5
7. dxe5 Bf5 8. O-O e6 9. Bf3 c6 10. Qe2 Be7 11. Rd1 Qc7 12. c4 Nb4 13. Nc3 O-O
14. Bf4 Rad8 15. Ne4 Bxe4 16. Bxe4 a5 17. a3 Na6 18. Bc2 Nc5 19. b4 axb4 20.
axb4 Na6 21. Qe4 g6 22. c5 Rd5 23. Bb3 Rxd1+ 24. Rxd1 Qc8 25. h4 Nc7 26. h5 Nd5
27. hxg6 fxg6 28. Bh6 Rf5 29. g4 Rf7 30. f4 Bf8 31. Bg5 Bg7 32. Rf1 Qe8 33. Bc2
Nc3 34. Qc4 Nd5 35. Qe4 Qc8 36. Bb3 Kh8 37. Bf6 Nxf6 38. exf6 Rxf6 39. g5 Rf8
40. Bxe6 Qd8 41. Kg2 Re8 42. Rh1 h5 43. Qe2 Qe7 44. Rxh5+ gxh5 45. Qxh5+ Bh6
46. Qxh6+ Qh7 47. Qxh7+ Kxh7 48. f5 Rd8 49. Kf3 Rd4 50. Bf7 Kg7 51. Bh5 Rxb4
52. f6+ Kf8 53. g6 b5 54. Bg4 Rxg4 (54... Rb3+ 55. Kf4 Rb4+ 56. Kg5 Re4 57. Bh5
b4 (57... Re5+ 58. Kh6 Re6 59. Kh7 $18) (57... Re6 58. g7+ Kg8 59. Kg6 b4 60.
Bg4 $18) 58. Kh6 Rf4 59. g7+ Kg8 60. f7+ Rxf7 61. Bxf7+ Kxf7 62. Kh7 $18) 55.
Kxg4 b4 56. Kf5 b3 57. Ke6 (57. Ke6 b2 58. g7+ Kg8 59. Ke7 b1=Q 60. f7+ Kxg7
61. f8=Q+ Kg6 (61... Kh7 62. Qf7+ Kh8 63. Qe8+ Kg7 64. Qxc6) 62. Qf6+ Kh5 63.
Qxc6 $18 {Antwort CD-ENDGAME: Weiß gewinnt in 28 Zügen (auch mit sKg7)}) 1-0